| 000 | 01084 a2200241 4500 | ||
|---|---|---|---|
| 003 | Nust | ||
| 005 | 20220803113335.0 | ||
| 010 | _a 00051753 | ||
| 020 | _a0072423706 (alk. paper) | ||
| 040 | _cNust | ||
| 082 | 0 | 0 | _a621.31042,CAT |
| 100 | 1 |
_aCathey, Jimmie J. _925030 |
|
| 245 | 1 | 0 |
_aElectric Machines : _bAnalysis and Design Applying Matlab / _cJimmie J. Cathey. |
| 260 |
_aBoston : _bMcGraw-Hill, _c2001. |
||
| 300 |
_axiv, 530 p. : _bill. ; _c24 cm. |
||
| 505 | _aIntroduction (Page-1), Sinusoidal Steady-State Circuits (Page-5), Magnetic Circuits and Energy Conversion (Page-49), Transformers (Page-131), DC Machines (Page-229), Induction Motors (Page-317), Synchronous Machines (Page-421). | ||
| 650 | 0 |
_aElectric machinery _xComputer-aided design. _996392 |
|
| 650 | 0 |
_aElectric machinery _xDesign and construction _xComputer programs. _996393 |
|
| 650 | 0 |
_aMATLAB. _994870 |
|
| 856 | 4 | 2 |
_3Publisher description _uhttp://www.loc.gov/catdir/description/mh021/00051753.html |
| 856 | 4 | 2 |
_3Table of contents _uhttp://www.loc.gov/catdir/toc/mh021/00051753.html |
| 942 |
_cREF _2ddc |
||
| 999 |
_c175559 _d175559 |
||